000 00566nam a2200205Ia 4500
003 IN-BaIIA
008 211028s9999 xx 000 0 eng d
020 _a7204-1507-1
040 _cIIA Library
080 _a047.1:535
_bPRO-7
245 0 _aProgress in optics
_bvol. 7
_cedited by Wolf E.
260 _aAmsterdam
_bNorth-Holland
_c1969
300 _axii, 438p.
650 _aAstronomical optics
_92030
650 _aAstronomy and Astrophysics Thesaurus
650 _aOptical properties
_93730
650 _aOptics
700 _aWolf, E., ed.
_93849
942 _cBK
999 _c3343
_d3343